[Event "Ogolnopolska Olimpiada Mlodziezy w Sportach Umyslowych - D14"]
[Site "Walbrzych, Zamek Ksiaz"]
[Date "2013-04-17"]
[Round "8.14"]
[White "Humin, Julia"]
[Black "Kalinowska, Karolina"]
[Result "1-0"]
[WhiteTitle "II+"]
[BlackTitle "I"]
[WhiteElo "1386"]
[BlackElo "1504"]

1. e4 e6 2. d4 d5 3. exd5 exd5 4. Nf3 Bd6 5. c4 Nf6 6. Nc3 Be6 7. Qb3 b6 8. Bg5
dxc4 9. Bxc4 Bxc4 10. Qxc4 Qe7+ 11. Qe2 Qxe2+ 12. Kxe2 Nh5 13. Kd3 O-O 14. Rhe1
Nc6 15. a3 a6 16. Nd5 Rfe8 17. Rxe8+ Rxe8 18. g4 h6 19. Bxh6 gxh6 20. gxh5 Re6
21. Rc1 Ne7 22. Nxc7 Rf6 23. Ke2 Rf5 24. Nxa6 Rxh5 25. b4 Rd5 26. Nc7 Bxc7 27.
Rxc7 Nf5 28. Kd3 Rd6 29. Ke4 Ng7 30. Ne5 f5+ 31. Ke3 Ne6 32. Rc6 f4+ 33. Ke4 Rxd4+
34. Kf5 Ng7+ 35. Kg6 Rd8 36. Rxb6 Re8 37. Ng4 Kh8 38. Nf6 Rf8 39. Rb7 1-0

[Event "Ogolnopolska Olimpiada Mlodziezy w Sportach Umyslowych - D14"]
[Site "Walbrzych, Zamek Ksiaz"]
[Date "2013-04-17"]
[Round "8.15"]
[White "Mazgaj, Zuzanna"]
[Black "Sekowska, Helena"]
[Result "0-1"]
[WhiteTitle "II"]
[BlackTitle "II+"]
[WhiteElo "1371"]
[BlackElo "1459"]

1. d4 Nf6 2. c4 c5 3. dxc5 e6 4. Bg5 Bxc5 5. Qa4 Qb6 6. b4 Bxf2+ 7. Kd1 Qd4+ 8.
Kc1 Bxg1 9. Bd2 Ne4 10. Bc3 Nxc3 11. Nxc3 Qxc3+ 12. Kb1 Bd4 13. Qb3 Qxa1+ 14.
Kc2 a5 15. b5 a4 16. Qa3 Qb2+ 17. Qxb2 Bxb2 18. Kxb2 d5 19. e3 Nd7 20. Be2 dxc4
21. Bxc4 Ne5 22. Be2 Bd7 23. b6 Bc6 24. Rg1 Ke7 25. g3 Rhd8 26. Kb1 Rd2 27. Re1
Nf3 28. Bxf3 Bxf3 29. Kc1 Rad8 30. a3 Rd1+ 31. Rxd1 Rxd1+ 32. Kc2 Rh1 33. Kc3
Rxh2 34. Kb4 Bc6 0-1

[Event "Ogolnopolska Olimpiada Mlodziezy w Sportach Umyslowych - D14"]
[Site "Walbrzych, Zamek Ksiaz"]
[Date "2013-04-17"]
[Round "8.16"]
[White "Ziziuk, Martyna"]
[Black "Wierzbowska, Aleksandra"]
[Result "1-0"]
[WhiteTitle "II"]
[BlackTitle "II+"]
[WhiteElo "1361"]
[BlackElo "1405"]

1. e4 c5 2. f4 Nc6 3. Nc3 d6 4. Nf3 e5 5. d3 Bg4 6. Be2 exf4 7. Bxf4 Be7 8. O-O
Qb6 9. Rb1 h5 10. Nd5 Qd8 11. Nxe7 Qxe7 12. Qd2 f6 13. Qc3 O-O-O 14. b4 Bxf3 15.
Bxf3 Nd4 16. Be3 Nb5 17. Qb3 a6 18. a4 Nc7 19. bxc5 dxc5 20. Qb6 Ne6 21. Bxc5
Qc7 22. Qxc7+ Kxc7 23. Bb6+ Kd7 24. Bxd8 Nxd8 25. Rb3 g5 26. h3 Ne7 27. Be2 Nec6
28. c3 Ne7 29. Rxf6 Ndc6 30. d4 1-0

[Event "Ogolnopolska Olimpiada Mlodziezy w Sportach Umyslowych - D14"]
[Site "Walbrzych, Zamek Ksiaz"]
[Date "2013-04-17"]
[Round "8.17"]
[White "Tkaczyk, Weronika"]
[Black "Klisz, Karolina"]
[Result "1/2-1/2"]
[WhiteTitle "II"]
[BlackTitle "II"]
[WhiteElo "1390"]
[BlackElo "1342"]

1. e4 e6 2. Nf3 d5 3. Nc3 d4 4. Ne2 c5 5. c3 Nc6 6. cxd4 cxd4 7. Qa4 Bc5 8. Qb5
Bb6 9. b3 Nge7 10. Bb2 Bd7 11. Qc4 e5 12. Ng5 O-O 13. Ng3 h6 14. Nf3 Be6 15. Qc2
Rc8 16. Bc4 Bg4 17. Qd1 Ng6 18. h3 Bxf3 19. Qxf3 Nh4 20. Qg4 Nxg2+ 21. Kf1 Nh4
22. Rg1 d3 23. Nf5 Nxf5 24. Qxf5 Qd6 25. f4 Bxg1 26. Kxg1 Rce8 27. h4 a6 28. Kh1
Qf6 29. Qxf6 gxf6 30. Ba3 Ne7 31. Rg1+ Kh7 32. fxe5 fxe5 33. Rf1 f5 34. exf5 Kg7
35. Bxd3 Rf6 36. Bb2 Nc6 37. Be4 Rd6 38. Rg1+ Kh8 39. d3 Rd7 40. f6 Nb4 41. Bg6
Re6 42. f7 Rd8 43. Bh5 Nxd3 44. Ba3 Rf6 45. f8=Q+ Rdxf8 46. Bxf8 Rxf8 47. Be2
Nf4 48. Bg4 Rd8 49. Re1 Re8 50. Kh2 Kg7 51. Kg3 Kf6 52. Kf3 h5 53. Bxh5 Nxh5 54.
Re4 Nf4 55. Rb4 Re7 56. a4 Kf5 57. Kg3 Rc7 58. Kf3 a5 59. Rb5 Ne6 60. Rxa5 Nd4+
61. Kg3 Rc3+ 62. Kf2 Rxb3 63. Kg2 Nc6 64. Ra8 e4 65. h5 Ne7 66. Re8 Kf6 67. h6
Kf7 68. Rxe7+ Kxe7 69. h7 Rb2+ 70. Kg3 Rb3+ 71. Kg4 Rb4 72. h8=Q Kd7 73. Qg7+
Ke6 74. Qg6+ Kd5 75. Qf5+ Kc4 76. Kg3 Rb3+ 77. Kg2 e3 78. Qe6+ Kb4 79. Qb6+ Ka3
80. Qc5+ Ka2 1/2-1/2

[Event "Ogolnopolska Olimpiada Mlodziezy w Sportach Umyslowych - D14"]
[Site "Walbrzych, Zamek Ksiaz"]
[Date "2013-04-17"]
[Round "8.18"]
[White "Popiel, Natalia"]
[Black "Wojcik, Jagoda"]
[Result "0-1"]
[WhiteTitle "II"]
[BlackTitle "II"]
[WhiteElo "1316"]
[BlackElo "1388"]

1. e4 d5 2. exd5 Qxd5 3. Nc3 Qa5 4. d4 Nf6 5. Nf3 Bf5 6. Bd3 Bxd3 7. Qxd3 e6 8.
O-O Bb4 9. Ne4 Nxe4 10. Qxe4 Nc6 11. c3 Bd6 12. Bd2 Qf5 13. Qxf5 exf5 14. Rfe1+
Kd7 15. Ne5+ Nxe5 16. dxe5 Bc5 17. Kf1 Rhe8 18. Rad1 Kc6 19. f4 Re6 20. Be3 Bxe3
21. Rxe3 f6 22. Rde1 Rae8 23. Kf2 fxe5 24. fxe5 Rd8 25. R1e2 Rd1 26. Rf3 g6 27.
c4 Kc5 28. b3 Kb4 29. Kg3 Ka3 30. Kf4 h6 31. g4 Rd4+ 32. Kg3 Rxg4+ 33. Kf2 Rd4
34. b4+ Ka4 35. Rc3 a5 36. bxa5 Kxa5 37. Ra3+ Kb6 38. Rb3+ Kc6 39. Rb4 b6 40.
Kf3 Kc5 41. a3 Rd3+ 42. Kf4 Rxa3 43. Rb1 Rc3 44. Rd1 Rxc4+ 0-1

[Event "Ogolnopolska Olimpiada Mlodziezy w Sportach Umyslowych - D14"]
[Site "Walbrzych, Zamek Ksiaz"]
[Date "2013-04-17"]
[Round "8.19"]
[White "Maciak, Gabriela"]
[Black "Socko, Weronika"]
[Result "1/2-1/2"]
[WhiteTitle "II"]
[BlackTitle "II"]
[WhiteElo "1433"]
[BlackElo "1584"]

1. e4 c5 2. Nf3 Nc6 3. d4 cxd4 4. Nxd4 e5 5. Nb5 a6 6. Nd6+ Bxd6 7. Qxd6 Qe7 8.
Qxe7+ Ngxe7 9. Bd3 O-O 10. O-O d5 11. f4 dxe4 12. Bxe4 f6 13. Nc3 Bf5 14. Be3
Bxe4 15. Nxe4 exf4 16. Bxf4 Nd4 17. c3 Ne2+ 18. Kh1 Nxf4 19. Rxf4 Ng6 20. Rf2
Rfe8 21. Nd6 Re7 22. Nf5 Rd7 23. Re1 Ne5 24. Rfe2 Rad8 25. Nd4 Rd6 26. Kg1 Rb6
27. Rd1 Nc4 28. b3 Ne5 29. Rde1 Rbd6 30. h3 b5 31. b4 g6 32. Re3 Rc8 33. Kf2 Rc7
34. Kf1 Kf7 35. Nb3 Nc4 36. R3e2 Ne5 37. Nc5 a5 38. Ne4 Ra6 39. bxa5 Rxa5 40.
Rd1 Kg7 41. Rc1 1/2-1/2

[Event "Ogolnopolska Olimpiada Mlodziezy w Sportach Umyslowych - D14"]
[Site "Walbrzych, Zamek Ksiaz"]
[Date "2013-04-17"]
[Round "8.20"]
[White "Zalewska, Katarzyna"]
[Black "Koperska, Nina"]
[Result "1/2-1/2"]
[WhiteTitle "II"]
[BlackTitle "II"]
[WhiteElo "1373"]
[BlackElo "1388"]

1. d4 d5 2. Bf4 c6 3. e3 Bf5 4. c4 e6 5. Nc3 Nd7 6. Nf3 h6 7. cxd5 exd5 8. Bd3
Bxd3 9. Qxd3 Ngf6 10. h3 Be7 11. O-O O-O 12. Rfe1 Re8 13. Nd2 Rc8 14. Rac1 Qb6
15. Rc2 Bf8 16. f3 Rcd8 17. Kf1 c5 18. dxc5 Nxc5 19. Qb5 Qe6 20. b4 a6 21. Qe2
Ncd7 22. a3 Bd6 23. Bxd6 Qxd6 24. Nb3 Nh5 25. Qf2 Qh2 26. Ne2 Ne5 27. Rd2 Nc4
28. Rd3 f5 29. Qh4 Nf6 30. Qg3 Qxg3 31. Nxg3 Nxa3 32. Nd4 Nb5 33. Nxb5 axb5 34.
Nxf5 Ra8 35. Nd6 Reb8 36. Nxb5 Ra4 37. Nc3 Rxb4 38. Nxd5 Nxd5 39. Rxd5 Rc4 40.
Rb5 Rc7 41. e4 Kf7 42. Rb6 Rc6 43. Reb1 Rc7 44. Kf2 Rc2+ 45. Kg3 Rc7 46. Kh4 g6
47. g4 Kg7 48. Kg3 Re7 49. h4 Kf7 50. h5 gxh5 51. Rxh6 hxg4 52. Rh7+ Kf6 53. Rxe7
Kxe7 54. Kxg4 Kf6 55. Kf4 Ke6 56. Rb6+ Kd7 57. e5 Kc7 58. Rb3 Kd7 59. Ke4 b5 60.
f4 Ke7 61. f5 b4 62. Kf4 Kf7 63. Ke3 Re8 64. Rxb4 Rxe5+ 65. Kf4 Re8 66. Rb7+ Re7
67. Rb6 Re8 68. Rg6 Rg8 69. Rh6 Rc8 70. Ke5 Rc5+ 71. Ke4 Ra5 72. Rh7+ Kf6 73.
Rh5 Ra4+ 74. Ke3 Ra5 75. Rh6+ Kg5 76. Rh8 Rxf5 1/2-1/2

[Event "Ogolnopolska Olimpiada Mlodziezy w Sportach Umyslowych - D14"]
[Site "Walbrzych, Zamek Ksiaz"]
[Date "2013-04-17"]
[Round "8.21"]
[White "Malinowska, Monika"]
[Black "Jurkiewicz, Zuzanna"]
[Result "1/2-1/2"]
[WhiteTitle "II+"]
[BlackTitle "II+"]
[WhiteElo "1399"]
[BlackElo "1383"]

1. d4 d5 2. c4 e6 3. Nf3 Nf6 4. Nc3 Nc6 5. e3 Bb4 6. Bd2 O-O 7. Bd3 dxc4 8. Bxc4
b6 9. O-O Bb7 10. a3 Bxc3 11. Bxc3 Rc8 12. Bd3 Ne7 13. Rc1 Ned5 14. Bd2 Ne7 15.
Bb4 a5 16. Bxe7 Qxe7 17. Ne5 c5 18. dxc5 Rxc5 19. Rxc5 Qxc5 20. Nf3 e5 21. Be2
e4 22. Nd4 Rc8 23. Nb5 Ba6 24. Nc3 Bxe2 25. Qxe2 Qc4 26. Qxc4 Rxc4 27. Rd1 h6
28. h3 Rc6 29. Rd4 Re6 30. Kf1 Kf8 31. Ke2 Ke7 32. a4 g6 33. b3 h5 34. h4 Re5
35. Kd1 Re6 36. Ke2 Re5 37. Ke1 Re6 38. Ke2 Re5 39. Ke1 Re6 40. Ke2 Re5 1/2-1/2

[Event "Ogolnopolska Olimpiada Mlodziezy w Sportach Umyslowych - D14"]
[Site "Walbrzych, Zamek Ksiaz"]
[Date "2013-04-17"]
[Round "8.22"]
[White "Rudol, Maria"]
[Black "Robaszkiewicz, Sara"]
[Result "1/2-1/2"]
[WhiteTitle "II"]
[BlackTitle "II"]
[WhiteElo "1488"]
[BlackElo "1334"]

1. c4 f5 2. Nc3 Nf6 3. g3 e6 4. Bg2 c6 5. e3 d5 6. cxd5 exd5 7. d4 Bd6 8. Nge2
O-O 9. Rb1 Ne4 10. b4 b5 11. Qb3 Be6 12. Nxe4 fxe4 13. Nf4 Bxf4 14. exf4 Qf6 15.
Be3 Nd7 16. a4 a6 17. a5 Rac8 18. Rc1 Rc7 19. O-O Re8 20. Rfe1 Rec8 21. Rc2 g6
22. Rec1 Kh8 23. Qb2 Bf5 24. Qb3 Be6 25. Qb2 Bf5 26. Qb3 Be6 27. Qb2 Bf5 28. Qb3
Be6 1/2-1/2

[Event "Ogolnopolska Olimpiada Mlodziezy w Sportach Umyslowych - D14"]
[Site "Walbrzych, Zamek Ksiaz"]
[Date "2013-04-17"]
[Round "9.1"]
[White "Marczuk, Anna"]
[Black "Kaniewska, Emilia"]
[Result "1-0"]
[WhiteTitle "I+"]
[BlackTitle "I"]
[WhiteElo "1749"]
[BlackElo "1677"]

1. Nf3 f5 2. d3 Nf6 3. e4 fxe4 4. dxe4 Nxe4 5. Bd3 Nf6 6. Ng5 d6 7. O-O Bg4 8.
Qd2 e5 9. f4 Nc6 10. Nc3 Qe7 11. Bb5 Bd7 12. Bc4 h6 13. Nf7 Rg8 14. Nd5 Nxd5 15.
Qxd5 Nd4 16. Nxd6+ cxd6 17. Qxg8 O-O-O 18. Qf7 Qh4 19. fxe5 dxe5 20. Qf2 Nf3+
21. Qxf3 Qxc4 22. Be3 Bd6 23. b3 Qh4 24. Qf2 Qh5 25. Qf7 Qg4 26. Qc4+ Qxc4 27.
bxc4 b6 28. Rf7 g5 29. Rd1 Bc7 30. Rh7 Be6 31. Rxd8+ Bxd8 32. c5 bxc5 33. Bxc5
Bxa2 34. Bxa7 Bb1 35. Rxh6 Kb7 36. Be3 Bxc2 37. Re6 e4 38. Kf2 Bc7 39. Bxg5 Bd3
40. h4 Kc8 41. Be3 Kd7 42. Rg6 Be5 43. h5 Bc4 44. h6 Ke7 45. Rg4 Bd5 46. h7 Kf8
47. Bc5+ Kf7 48. Rg8 Ke6 49. Re8+ 1-0

[Event "Ogolnopolska Olimpiada Mlodziezy w Sportach Umyslowych - D14"]
[Site "Walbrzych, Zamek Ksiaz"]
[Date "2013-04-17"]
[Round "9.2"]
[White "Dmochowska, Agnieszka"]
[Black "Kubicka, Anna"]
[Result "1/2-1/2"]
[WhiteTitle "WCM"]
[BlackTitle "I+"]
[WhiteElo "1794"]
[BlackElo "1686"]

1. d4 d5 2. c4 c6 3. cxd5 cxd5 4. Nc3 Nc6 5. e4 dxe4 6. d5 Ne5 7. Bf4 Ng6 8. Bg3
f5 9. Nge2 a6 10. h4 e6 11. dxe6 Bxe6 12. Nd4 Bd7 13. Qb3 f4 14. Bh2 Bc5 15. O-O-O
Qb6 16. Nd5 Qxb3 17. Nxb3 Rc8 18. Nxc5 Rxc5+ 19. Kb1 Bg4 20. Rd4 Bf5 21. Nxf4
Nxf4 22. Bxf4 e3+ 23. Bd3 Rc4 24. Bxf5 Rxd4 25. Be5 Rd5 26. Bxg7 Rxf5 27. fxe3
Rf2 28. Bxh8 Rxg2 29. Bd4 Ne7 30. a3 Nf5 31. Ka2 Rg4 32. Kb3 Nxd4+ 33. exd4 Rxd4
34. Kc3 Rg4 35. Rh2 h5 36. Kd3 Kd7 37. Rh3 a5 38. b3 b5 39. Ke3 b4 1/2-1/2

[Event "Ogolnopolska Olimpiada Mlodziezy w Sportach Umyslowych - D14"]
[Site "Walbrzych, Zamek Ksiaz"]
[Date "2013-04-17"]
[Round "9.3"]
[White "Parol, Pola"]
[Black "Posuniak, Weronika"]
[Result "1-0"]
[WhiteTitle "I"]
[BlackTitle "I"]
[WhiteElo "1638"]
[BlackElo "1540"]

1. e4 c6 2. d4 d5 3. Nc3 dxe4 4. Nxe4 Bf5 5. Ng3 Bg6 6. Nf3 Nd7 7. h4 h6 8. h5
Bh7 9. Bd3 Bxd3 10. Qxd3 Ngf6 11. Bf4 Qa5+ 12. Bd2 Qc7 13. O-O-O e6 14. c4 O-O-O
15. Qe2 Bd6 16. Ne4 Nxe4 17. Qxe4 Nf6 18. Qe2 c5 19. Kb1 cxd4 20. Nxd4 a6 21.
Bc3 Qc5 22. g4 Rhe8 23. Nb3 Qg5 24. f3 Bc7 25. c5 Nd5 26. Bd4 e5 27. Bf2 Qf4 28.
c6 Qb4 29. cxb7+ Qxb7 30. Rc1 Re7 31. Na5 Qb5 32. Qxb5 axb5 33. Nc6 Rdd7 34. Nxe7+
Rxe7 35. Rhd1 Rd7 36. Rd3 Nf6 37. Rxd7 Kxd7 38. Bg3 Bd6 39. Re1 Ke6 40. Kc2 Nd5
41. a3 f5 42. Bh4 f4 43. Kd3 Ne3 44. Bf2 Nc4 45. Kc3 Kd5 46. Rd1+ Kc6 47. a4 Ne3
48. axb5+ Kxb5 49. Rxd6 Kc5 50. Rd3 1-0

[Event "Ogolnopolska Olimpiada Mlodziezy w Sportach Umyslowych - D14"]
[Site "Walbrzych, Zamek Ksiaz"]
[Date "2013-04-17"]
[Round "9.4"]
[White "Antolak, Julia"]
[Black "Glapa, Anna"]
[Result "1-0"]
[WhiteTitle "I+"]
[BlackTitle "I++"]
[WhiteElo "1747"]
[BlackElo "1660"]

1. e4 c5 2. Nf3 Nc6 3. d4 cxd4 4. Nxd4 Nf6 5. Nc3 d6 6. Bc4 e6 7. Be3 Be7 8. Bb3
O-O 9. Qe2 Na5 10. O-O a6 11. f4 Qc7 12. Kh1 b5 13. a3 e5 14. fxe5 dxe5 15. Nf5
Nxb3 16. cxb3 b4 17. axb4 Kh8 18. Nxe7 Qxe7 19. Bc5 Qe8 20. Bxf8 Qxf8 21. b5 Bg4
22. Qd3 Rd8 23. Qg3 axb5 24. Rxf6 gxf6 25. Qxg4 Qc5 26. Qh4 Qc6 27. Nd5 Rd6 28.
Qh6 Qe8 29. Nxf6 Rxf6 30. Qxf6+ Kg8 31. Rf1 Qd7 32. h3 Qc7 33. Rf5 Kf8 34. Rxe5
Qxe5 35. Qxe5 h6 36. Qxb5 Kg7 37. Qe5+ f6 38. Qe7+ Kg6 39. b4 Kh5 40. b5 f5 41.
g4+ fxg4 42. hxg4+ Kxg4 43. b6 h5 44. b7 Kf3 45. b8=R h4 46. Qxh4 Ke2 47. Rb3
Kf1 48. Qh2 Ke1 49. Ra3 Kd1 50. Ra1# 1-0

[Event "Ogolnopolska Olimpiada Mlodziezy w Sportach Umyslowych - D14"]
[Site "Walbrzych, Zamek Ksiaz"]
[Date "2013-04-17"]
[Round "9.5"]
[White "Olechnicka, Karolina"]
[Black "Pluta, Natalia"]
[Result "1-0"]
[WhiteTitle "I"]
[BlackTitle "II"]
[WhiteElo "1665"]
[BlackElo "1475"]

1. e4 g6 2. d4 Bg7 3. f4 d6 4. Bc4 c6 5. Nc3 Nf6 6. e5 dxe5 7. fxe5 Nd5 8. Qf3
Be6 9. Ne4 Nc7 10. Bxe6 Nxe6 11. c3 c5 12. d5 Nc7 13. d6 Ne6 14. dxe7 Qxe7 15.
Nd6+ Kf8 16. Qe4 Nc6 17. Nc4 Qc7 18. Nf3 Re8 19. O-O h6 20. Be3 Kg8 21. Rad1 Kh7
22. Nd6 Re7 23. b4 b6 24. b5 Ncd8 25. Nh4 Nb7 26. Nxf7 Nf8 27. Nxh8 Rxe5 28. Qd3
Kxh8 29. Bf4 c4 30. Qg3 Qc5+ 31. Kh1 Re6 32. Qf3 Na5 33. Rd5 Qe7 34. Bg3 Nh7 35.
Rfd1 Ng5 36. Qg4 Nb7 37. Rd7 Qe8 38. Rxb7 Ne4 39. Rb8 1-0

[Event "Ogolnopolska Olimpiada Mlodziezy w Sportach Umyslowych - D14"]
[Site "Walbrzych, Zamek Ksiaz"]
[Date "2013-04-17"]
[Round "9.6"]
[White "Kozubal, Aleksandra"]
[Black "Topolan, Agata"]
[Result "1/2-1/2"]
[WhiteTitle "I"]
[BlackTitle "II+"]
[WhiteElo "1477"]
[BlackElo "1449"]

1. d4 Nf6 2. c4 g6 3. Nc3 d5 4. Nf3 Bg7 5. Bf4 c6 6. Qd2 dxc4 7. e3 Nd5 8. Bxb8
Rxb8 9. Bxc4 O-O 10. O-O Nxc3 11. bxc3 e5 12. Qc1 e4 13. Nd2 b5 14. Bb3 Qh4 15.
Qa3 a6 16. Qd6 Bb7 17. Qg3 Qe7 18. a4 Kh8 19. Rac1 c5 20. axb5 axb5 21. Rb1 c4
22. Bc2 Bd5 23. Rb4 f5 24. Rfb1 f4 25. exf4 Bh6 26. Qg4 Rxf4 27. Qe2 Rbf8 28.
Rf1 Bc6 29. f3 Bg7 30. Rbb1 Qa3 31. Bxe4 Re8 32. Rbc1 Bh6 33. Rc2 Qa4 34. Qd1
Bxe4 35. Nxe4 b4 36. cxb4 Qxb4 37. Qb1 Qa4 38. Qa2 Qxa2 39. Rxa2 Rd8 40. Rd1 Rf5
41. Kf2 Rfd5 42. Ra7 Bg7 43. Ra4 Rxd4 44. Rxd4 Bxd4+ 45. Ke2 c3 46. Rc4 Be5 47.
g3 Re8 48. Kf1 Rd8 49. Ke2 Re8 1/2-1/2

[Event "Ogolnopolska Olimpiada Mlodziezy w Sportach Umyslowych - D14"]
[Site "Walbrzych, Zamek Ksiaz"]
[Date "2013-04-17"]
[Round "9.7"]
[White "Konopacka, Martyna"]
[Black "Murawko, Julia"]
[Result "1-0"]
[WhiteTitle "I"]
[BlackTitle "I"]
[WhiteElo "1674"]
[BlackElo "1651"]

1. e4 e6 2. d4 c5 3. Nf3 cxd4 4. Nxd4 a6 5. Nc3 b5 6. g3 Bb7 7. Bg2 Nf6 8. Qe2
Qb6 9. Nb3 d6 10. a3 Nbd7 11. Be3 Qc7 12. O-O Be7 13. f4 O-O 14. g4 Nb6 15. Nd2
Rac8 16. g5 Nfd7 17. Qh5 f5 18. Rf3 g6 19. Qh3 Nc4 20. Nxc4 Qxc4 21. Bf1 Qc6 22.
Rf2 Nc5 23. Bg2 Qd7 24. Bxc5 Rxc5 25. Rd1 Bd8 26. Rfd2 Be7 27. e5 d5 28. Ne2 Rfc8
29. c3 R5c7 30. Nd4 Bc5 31. Bf3 a5 32. Qf1 Bc6 33. Kg2 Rb8 34. Kg3 Qe7 35. h4
Be8 36. Nxe6 Rcc8 37. Bxd5 Kh8 38. Nxc5 Qxc5 39. Qf2 Qe7 40. Qd4 Rd8 41. e6+ Qg7
42. Qf6 Rd6 43. Ba2 Rxd2 44. Rxd2 1-0

[Event "Ogolnopolska Olimpiada Mlodziezy w Sportach Umyslowych - D14"]
[Site "Walbrzych, Zamek Ksiaz"]
[Date "2013-04-17"]
[Round "9.8"]
[White "Kwiatkowska, Agnieszka"]
[Black "Najuch, Natalia"]
[Result "1/2-1/2"]
[WhiteTitle "II+"]
[BlackTitle "II"]
[WhiteElo "1492"]
[BlackElo "1312"]

1. e4 c5 2. g3 g6 3. Bg2 Bg7 4. Ne2 Nc6 5. c3 e6 6. d4 cxd4 7. cxd4 Nge7 8. Be3
d6 9. f4 Qc7 10. Nbc3 a6 11. Qa4 O-O 12. O-O Bd7 13. Qd1 Rac8 14. a3 Na5 15. Bf2
Qb6 16. b4 Nc4 17. Qd3 Bb5 18. Nxb5 Qxb5 19. Ra2 d5 20. exd5 exd5 21. Qf3 Qa4
22. Nc3 Qb3 23. Rb1 Nb2 24. Rbxb2 Qxc3 25. Rc2 Qxc2 26. Rxc2 Rxc2 27. Bh3 Re8
28. Bf1 Rec8 29. g4 R8c3 30. Qd1 Rc1 31. Qa4 Rc6 32. b5 R6c4 33. Qa5 axb5 34.
Qxb5 Rc7 35. Qe8+ Bf8 36. Bh4 Rc8 37. Qd7 R8c7 38. Qd8 Rc8 39. Qd7 R8c7 40. Qd8
Rc8 1/2-1/2

[Event "Ogolnopolska Olimpiada Mlodziezy w Sportach Umyslowych - D14"]
[Site "Walbrzych, Zamek Ksiaz"]
[Date "2013-04-17"]
[Round "9.9"]
[White "Karleszko, Karolina"]
[Black "Dwilewicz, Katarzyna"]
[Result "1-0"]
[WhiteTitle "I"]
[BlackTitle "I"]
[WhiteElo "1622"]
[BlackElo "1635"]

1. d4 d5 2. c4 c6 3. Nc3 e6 4. Nf3 Nf6 5. Bg5 h6 6. Bh4 Be7 7. e3 Nbd7 8. Qc2 O-O
9. a3 Re8 10. b4 dxc4 11. Bxc4 b5 12. Bd3 a5 13. Ne4 Bb7 14. Nc5 Nxc5 15. bxc5
Nd7 16. Bg3 Bf6 17. Rd1 Qc8 18. O-O Ba6 19. Rfe1 Qb7 20. e4 b4 21. Bxa6 Rxa6 22.
axb4 axb4 23. Qc4 Ra5 24. Rb1 Rb5 25. Red1 b3 26. Rd3 b2 27. h3 Ra8 28. e5 Bd8
29. Rdd1 Ra3 30. Qc2 Ba5 31. Nd2 Rc3 32. Qa4 Rc1 33. Bf4 Rxd1+ 34. Qxd1 Rb4 35.
Be3 Qb5 36. Ne4 Bc7 37. Qc2 Rb3 38. Bd2 Qd3 39. Qxd3 Rxd3 40. Bc3 f5 41. exf6
gxf6 42. Bxb2 f5 43. Nc3 e5 44. Na2 exd4 45. Nb4 Rd2 46. Nxc6 Nxc5 47. Bxd4 Nb3
48. Be3 Re2 49. Kf1 Rc2 50. Ne7+ Kf7 51. Rxb3 Kxe7 52. Bxh6 Kf6 53. Rb1 Kg6 54.
Rc1 Rxc1+ 55. Bxc1 f4 56. Ke2 Kf5 57. Kf3 Bd6 58. h4 Be5 59. h5 Kg5 60. h6 Bd6
61. h7 Be5 62. Bxf4+ Kg6 63. Bxe5 Kxh7 64. Kg4 Kg6 65. f4 Kf7 66. Kf5 Kf8 67.
Kf6 Ke8 68. g4 Kf8 69. g5 Kg8 70. g6 Kh8 71. Kf7# 1-0

[Event "Ogolnopolska Olimpiada Mlodziezy w Sportach Umyslowych - D14"]
[Site "Walbrzych, Zamek Ksiaz"]
[Date "2013-04-17"]
[Round "9.10"]
[White "Pedrak, Paulina"]
[Black "Cieslak, Wiktoria"]
[Result "0-1"]
[WhiteTitle "I"]
[BlackTitle "I"]
[WhiteElo "1371"]
[BlackElo "1532"]

1. e4 c5 2. Nf3 d6 3. d4 cxd4 4. Nxd4 Nf6 5. Nc3 a6 6. Bg5 Nbd7 7. Bd3 Qb6 8. Nb3
e6 9. O-O Be7 10. Be3 Qc7 11. f4 b5 12. a3 Bb7 13. Qd2 Ng4 14. Kh1 Nxe3 15. Qxe3
Bf6 16. Qd2 Rc8 17. Rad1 Bxc3 18. bxc3 Qxc3 19. Qxc3 Rxc3 20. h3 Ke7 21. f5 Nf6
22. Rde1 e5 23. Kh2 Ra8 24. Rf3 h6 25. Na5 Rb8 26. Nb3 Nd7 27. Ra1 Nc5 28. Nxc5
dxc5 29. a4 c4 30. Bf1 Rxc2 31. Re3 Bc6 32. axb5 Bxb5 33. Ra5 Rd8 34. Ra1 Rdd2
35. Kg3 f6 36. Kf3 Kd6 37. Re2 Kc5 38. Rxd2 Rxd2 39. Ke3 Rd4 40. Rc1 a5 41. g4
a4 42. Rc3 Kb4 43. Rc1 Bc6 44. Bg2 Rd3+ 45. Ke2 a3 46. Rb1+ Rb3 47. Rc1 a2 48.
Ra1 Rb2+ 49. Kf3 Kb3 0-1

[Event "Ogolnopolska Olimpiada Mlodziezy w Sportach Umyslowych - D14"]
[Site "Walbrzych, Zamek Ksiaz"]
[Date "2013-04-17"]
[Round "9.11"]
[White "Skorupa, Oliwia"]
[Black "Humin, Julia"]
[Result "0-1"]
[WhiteTitle "II+"]
[BlackTitle "II+"]
[WhiteElo "1510"]
[BlackElo "1386"]

1. e4 c5 2. Nc3 Nc6 3. f4 g6 4. Nf3 Bg7 5. Bb5 Nd4 6. O-O Nxb5 7. Nxb5 d5 8. exd5
a6 9. Nc3 Nf6 10. d3 Nxd5 11. Nxd5 Qxd5 12. Qe2 e6 13. c3 O-O 14. Be3 b5 15. Rfd1
Bb7 16. d4 c4 17. Qc2 a5 18. a3 Qe4 19. Qd2 Rfd8 20. Re1 h5 21. Rad1 Bh6 22. Re2
f6 23. Bf2 Qf5 24. Bg3 Bxf3 25. gxf3 h4 26. Bxh4 Bxf4 27. Qe1 Kf7 28. Bg3 Bxg3
29. Qxg3 Rd7 30. Qg4 Qxg4+ 31. fxg4 Rd5 32. h4 Rh8 33. Rh2 e5 34. Rdd2 exd4 35.
Rxd4 Rxd4 36. cxd4 Ke6 37. Re2+ Kd5 38. Rf2 Rxh4 39. Rf4 b4 40. axb4 axb4 41.
Rxf6 Rxg4+ 42. Kf1 Kxd4 43. Rd6+ Kc5 0-1

[Event "Ogolnopolska Olimpiada Mlodziezy w Sportach Umyslowych - D14"]
[Site "Walbrzych, Zamek Ksiaz"]
[Date "2013-04-17"]
[Round "9.12"]
[White "Momot, Weronika"]
[Black "Godek, Martyna"]
[Result "1-0"]
[WhiteTitle "I"]
[BlackTitle "II"]
[WhiteElo "1460"]
[BlackElo "1378"]

1. c4 e5 2. g3 g6 3. Bg2 Bg7 4. Nc3 f5 5. Nf3 d6 6. d4 e4 7. Ng5 h6 8. Nh3 Nc6
9. e3 Nce7 10. Nf4 c6 11. O-O d5 12. cxd5 cxd5 13. b3 Nf6 14. Ba3 Nfg8 15. Rc1
a6 16. Qe2 b6 17. Rc2 Kf7 18. Rfc1 Be6 19. Na4 Ra7 20. Nxb6 Qxb6 21. Bc5 Qb8 22.
Bxa7 Qxa7 23. Rc7 Qb6 24. R1c6 Qxc6 25. Rxc6 Nxc6 26. Qxa6 Nge7 27. b4 Bd7 28.
b5 Nb8 29. Qb7 g5 30. Nxd5 Nxd5 31. Qxd5+ Be6 32. Qb7+ Nd7 33. d5 Rb8 34. dxe6+
Kxe6 35. Qc6+ Ke7 36. a4 Rb6 37. Qc4 Be5 38. a5 Rb7 39. b6 Bb8 40. Bf1 Bd6 41.
Qd4 Be5 42. Qd5 Rb8 43. Bb5 Rd8 44. Bxd7 1-0

[Event "Ogolnopolska Olimpiada Mlodziezy w Sportach Umyslowych - D14"]
[Site "Walbrzych, Zamek Ksiaz"]
[Date "2013-04-17"]
[Round "9.13"]
[White "Sekowska, Helena"]
[Black "Ziziuk, Martyna"]
[Result "1-0"]
[WhiteTitle "II+"]
[BlackTitle "II"]
[WhiteElo "1459"]
[BlackElo "1361"]

1. e4 d5 2. exd5 Qxd5 3. Nc3 Qa5 4. d4 c6 5. Nf3 Bg4 6. h3 Bh5 7. g4 Bg6 8. Ne5
f6 9. Nxg6 hxg6 10. d5 Qd8 11. Bd3 Kf7 12. Qe2 Qd7 13. Qe4 f5 14. gxf5 gxf5 15.
Qxf5+ Qxf5 16. Bxf5 cxd5 17. Nxd5 Nc6 18. Be3 Rd8 19. Nf4 Nd4 20. O-O-O e5 21.
Bxd4 exd4 22. Ne6 Rd5 23. Nxd4 Rd8 24. Rhe1 g6 25. Be6+ Kf6 26. Bg4 Nh6 27. Bf3
Nf7 28. Bxb7 Rxh3 29. c3 Ne5 30. Rxe5 Kxe5 31. Nc6+ 1-0

[Event "Ogolnopolska Olimpiada Mlodziezy w Sportach Umyslowych - D14"]
[Site "Walbrzych, Zamek Ksiaz"]
[Date "2013-04-17"]
[Round "9.14"]
[White "Wojcik, Jagoda"]
[Black "Daliga, Anita"]
[Result "1/2-1/2"]
[WhiteTitle "II"]
[BlackTitle "II"]
[WhiteElo "1388"]
[BlackElo "1347"]

1. e4 e5 2. Nf3 Nc6 3. d4 exd4 4. Nxd4 Nf6 5. Bg5 h6 6. Bxf6 Qxf6 7. c3 Bc5 8.
Nf3 d6 9. Nbd2 Bg4 10. h3 Bh5 11. g4 Bg6 12. Qe2 a6 13. O-O-O O-O-O 14. Bg2 Rhe8
15. Rhe1 Qf4 16. Nh4 Qxf2 17. Nxg6 Qxe2 18. Rxe2 fxg6 19. Nb3 Bb6 20. Nd4 Ne5
21. Kc2 c5 22. Nf3 Nxf3 23. Bxf3 Rf8 24. Bg2 Rf4 25. Kb3 Bc7 26. Kc4 Re8 27. Rde1
Kd7 28. Kd3 b5 29. Ke3 Ref8 30. Rd1 Ke6 31. Rd5 R4f7 32. Red2 g5 33. b3 c4 34.
bxc4 bxc4 35. R2d4 Rd7 36. Rxc4 Bb6+ 37. Kd3 Rf2 38. Bh1 Rh2 39. Bf3 Rxh3 40.
Ke2 Rh2+ 41. Kd3 Rxa2 42. Rc6 Bd8 43. Kc4 Ra4+ 44. Kb3 Ra5 45. Rxa5 Bxa5 46. Rxa6
Bd8 47. Kc4 Bf6 48. Kd3 Rc7 49. c4 Ke5 50. Ra5+ Rc5 51. Rxc5+ dxc5 52. Ke3 Be7
53. Bd1 Bd6 54. Be2 Kf6 55. Kf3 1/2-1/2